| 000 | 00767nam a2200265 i 4500 | ||
|---|---|---|---|
| 001 | 00026299 | ||
| 003 | DO-SdBNP | ||
| 005 | 20180301103916.0 | ||
| 007 | 00026299 | ||
| 008 | 881004s1984 sp spa | ||
| 016 | 7 |
_a _z _2BPMSU |
|
| 017 |
_a _b |
||
| 020 | _a8470692712 (v. 5) | ||
| 035 | _a | ||
| 040 |
_aBPMSU _bspa _cBPMSU _e |
||
| 080 | 0 | _a | |
| 245 | 1 | 3 |
_aEl mundo mágico de los niños / _h _cilustración Gerardo R. Amechazurra ... [et al.] |
| 260 |
_aBarcelona : _bOcéano-Éxito, _c 1984 |
||
| 300 |
_a v. : _bil. ; _c28 cm |
||
| 650 | 7 |
_aEnciclopedias infantiles y juveniles _2 |
|
| 700 | 1 |
_aAmechazurra, Gerardo R. _eil. |
|
| 942 |
_2ddc _cBK |
||
| 945 | _aInventariado, 2018/MFF | ||
| 956 |
_aVMATEO _210 _320160419 _6BPMSU _80069 |
||
| 999 |
_c9841 _d9841 |
||